Niektoré finančnoprávne aspekty zabezpečenia záväzkov

Inštitút na zabezpečenie obchodných záväzkov v časti právneho poriadku, ktorú tvoria normy finančného práva. Rozmer angažovanosti vlády vo forme štátnych záruk na poskytovanie úverov v podnikateľskej sfére.

Gespeichert in:
Bibliographische Detailangaben
1. Verfasser: Grúň, Ľubomír
Format: Buchkapitel
Sprache:Slowakisch
Schlagworte:
Tags: Tag hinzufügen
Keine Tags, Fügen Sie das erste Tag hinzu!

MARC

LEADER 00000naa a2200000 4500
001 r026150
005 20230921125027.3
041 0 |a slo 
044 |a SK 
245 1 0 |a Niektoré finančnoprávne aspekty zabezpečenia záväzkov  |c Ľubomír Grúň 
520 |a Inštitút na zabezpečenie obchodných záväzkov v časti právneho poriadku, ktorú tvoria normy finančného práva. Rozmer angažovanosti vlády vo forme štátnych záruk na poskytovanie úverov v podnikateľskej sfére. 
610 2 0 |a záväzky 
610 2 0 |a normy právne 
610 2 0 |a záruka 
610 2 0 |a štát 
610 2 0 |a podnikatelia 
610 2 0 |a úver 
610 2 0 |a zabezpečenie záväzkov 
610 2 0 |a inštitúcia 
610 2 0 |a zákony 
610 2 0 |a zákonník obchodný 
100 1 |a Grúň, Ľubomír